Movies Quiz

Random Movies or Quote Quiz

Movie Quotes X Quiz Stats

 Plays Quiz not verified by Sporcle

Challenge
Share
Tweet
Embed
Score 0/10 Timer 10:00
0 Plays Today
Quote Movie % Correct
Sting would be another person who's a hero. The music he's created over the years, I don't really listen to it, but the fact that he's making it, I respect that.Zoolander
69.9%
He finds this Ghostbusters lunchbox d!ck treasure chest and he f^%#ing flips out. Superbad
56.6%
Also, let's not forget - let's *not* forget, Dude - that keeping wildlife, an amphibious rodent, for uh, domestic, you know, within the city - that aint legal either.The Big Lebowski
54.2%
We're in a tight spotO Brother, Where Art Thou
28.7%
'I be from Jamaica, mon. Lord have mercy'-'What part of Jamaica?' - 'Right near da beach. Boy-eeee!' Half Baked
21.4%
Well I got a guy on the other line about some white walls... Let me get back to youMajor League
20.5%
I heard him say 'You're not going to S...#...I...T... right for a month'Bad Santa
16.5%
Here Sub Zero... now... Plain ZeroThe Running Man
12.7%
Can o' corn... Can o' corn and I'll be fineThe Longest Yard
11.3%
Oh you cheap son of a bitch. Are you crazy? Those guys are retards! Slap Shot
8.4%

You're not logged in!

Compare scores with friends on all Sporcle quizzes.
OR
Log In

You Might Also Like...

Show Comments

Extras

Top Quizzes Today


Score Distribution

Your Account Isn't Verified!

In order to create a playlist on Sporcle, you need to verify the email address you used during registration. Go to your Sporcle Settings to finish the process.

Report this User

Report this user for behavior that violates our Community Guidelines.

Details: